| 000 | 00562nam a2200169 4500 | ||
|---|---|---|---|
| 008 | 171206b xxu||||| |||| 00| 0 eng d | ||
| 020 | _a0534215580 | ||
| 082 |
_21995 _aDC 345.736 _bD27c |
||
| 100 |
_924321 _adel Carmen, Rolando V., author. |
||
| 245 |
_aCriminal procedure: _blaw and practice / _cRolando V. del Carmen. |
||
| 250 | _aThird edition | ||
| 260 |
_aCalifornia : _bWadsworth Publishing Company , _c©1995 |
||
| 300 |
_axx, 522 pages : _billustration ; _c29 cm. |
||
| 500 | _aIncludes index. | ||
| 650 | 0 |
_924323 _aCriminal procedure |
|
| 942 |
_2ddc _cDC |
||
| 999 |
_c7924 _d7924 |
||